[Event "Kesan op 16th"]
[Site "Kesan"]
[Date "2018.08.15"]
[Round "7"]
[White "Sultan, Mohamed"]
[Black "Quparadze, Giga"]
[Result "0-1"]
[WhiteElo "2111"]
[BlackElo "2517"]
[PlyCount "92"]
[EventDate "2018.08.12"]
[EventType "swiss"]
[EventRounds "9"]
[EventCountry "TUR"]
[SourceTitle "CBM 186 Extra"]
[Source "ChessBase"]
[SourceDate "2018.08.24"]
[SourceVersion "1"]
[SourceVersionDate "2018.08.24"]
[SourceQuality "1"]

1. e4 c5 2. d3 Nc6 3. Nf3 g6 4. g3 Bg7 5. Bg2 d6 6. 0-0 e5 7. c3 Nge7 8. a3 a5 9. a4 0-0 10. Be3 b6 11. Na3 d5 12. Qc2 d4 13. cxd4 Nb4 14. Qb3 exd4 15. Bf4 h6 16. h4 Bg4 17. Rfe1 Nec6 18. Nc4 Kh8 19. Bd6 Re8 20. Bf4 Ra7 21. Nh2 Be6 22. Bd2 Ne5 23. Bxb4 axb4 24. f4 Nxc4 25. dxc4 d3 26. Nf3 d2 27. Red1 Rd7 28. Qc2 Bg4 29. a5 b3 30. Qxb3 Rd3 31. Qxb6 Bxf3 32. Qxd8 Rexd8 33. Bxf3 Rxf3 34. e5 Rxg3+ 35. Kf2 Rb3 36. Ra2 g5 37. hxg5 hxg5 38. a6 gxf4 39. a7 Ra8 40. Rxd2 Bxe5 41. Rd7 Bd4+ 42. Kf1 Kg7 43. Rc7 f3 44. Ra3 Rh8 45. Ke1 f2+ 46. Kd2 Rxa3 0-1

[Event "Kesan op 16th"]
[Site "Kesan"]
[Date "2018.08.13"]
[Round "2"]
[White "Birgelir, Melisa"]
[Black "Sultan, Mohamed"]
[Result "0-1"]
[WhiteElo "1576"]
[BlackElo "2111"]
[PlyCount "90"]
[EventDate "2018.08.12"]
[EventType "swiss"]
[EventRounds "9"]
[EventCountry "TUR"]
[SourceTitle "CBM 186 Extra"]
[Source "ChessBase"]
[SourceDate "2018.08.24"]
[SourceVersion "1"]
[SourceVersionDate "2018.08.24"]
[SourceQuality "1"]

1. e4 c6 2. d4 d6 3. Nf3 Nd7 4. h3 e5 5. c3 Be7 6. Bd3 a5 7. a4 Ngf6 8. Na3 0-0 9. 0-0 Re8 10. Re1 Qc7 11. Bd2 Nf8 12. b4 Ng6 13. b5 Bf8 14. Qc2 Nh5 15. Bf1 Nhf4 16. c4 Qe7 17. Be3 Qf6 18. Bxf4 Nxf4 19. Qd1 g5 20. Nc2 g4 21. hxg4 Bxg4 22. dxe5 dxe5 23. Ne3 Bh5 24. Nf5 Rad8 25. Qb3 Bg4 26. N3h4 Qg5 27. Qg3 Nh5 28. Qe3 h6 29. g3 Qxe3 30. Nxe3 Be6 31. Nhf5 Nf6 32. f3 Bc5 33. Kg2 Rd2+ 34. Re2 Red8 35. Rxd2 Rxd2+ 36. Kh1 Kh7 37. Rd1 Ra2 38. bxc6 bxc6 39. Bg2 Ra3 40. Nc2 Rxa4 41. Ne1 Rxc4 42. Nd3 Bd4 43. Nd6 Rc3 44. Ne1 a4 45. Ra1 a3 0-1

[Event "Kesan op 16th"]
[Site "Kesan"]
[Date "2018.08.13"]
[Round "3"]
[White "Sultan, Mohamed"]
[Black "Ertabak, Aral"]
[Result "1-0"]
[WhiteElo "2111"]
[BlackElo "1539"]
[PlyCount "45"]
[EventDate "2018.08.12"]
[EventType "swiss"]
[EventRounds "9"]
[EventCountry "TUR"]
[SourceTitle "CBM 186 Extra"]
[Source "ChessBase"]
[SourceDate "2018.08.24"]
[SourceVersion "1"]
[SourceVersionDate "2018.08.24"]
[SourceQuality "1"]

1. e4 c5 2. d4 cxd4 3. c3 dxc3 4. Nxc3 Nc6 5. Bc4 e6 6. Nf3 d6 7. 0-0 Be7 8. Qe2 a6 9. Rd1 b5 10. Bb3 Bb7 11. e5 d5 12. Be3 Na5 13. Nd4 Nc4 14. Bxc4 bxc4 15. b3 Bb4 16. Na4 cxb3 17. a3 Ba5 18. Nc5 Rb8 19. Rab1 Bb6 20. Nxb7 Rxb7 21. Qxa6 Ra7 22. Qb5+ Kf8 23. Nc6 1-0

[Event "EGY-chT"]
[Site "Egypt"]
[Date "2016.05.09"]
[Round "5.3"]
[White "Sultan, Mohamed"]
[Black "Sarwat, Walaa"]
[Result "0-1"]
[WhiteElo "2191"]
[BlackElo "2339"]
[PlyCount "61"]
[EventDate "2016.05.05"]
[EventType "team-tourn"]
[EventRounds "9"]
[EventCountry "EGY"]
[SourceTitle "CBM 172 Extra"]
[Source "ChessBase"]
[SourceDate "2016.06.21"]
[SourceVersion "1"]
[SourceVersionDate "2016.06.21"]
[SourceQuality "1"]
[WhiteTeam "Imbaba"]
[BlackTeam "Elhawar"]
[WhiteTeamCountry "EGY"]
[BlackTeamCountry "EGY"]

1. b3 d5 2. Bb2 c5 3. e3 Nc6 4. Nf3 Bf5 5. d4 Nf6 6. Bd3 Bxd3 7. Qxd3 e6 8. 0-0 Rc8 9. c4 Nb4 10. Qe2 dxc4 11. bxc4 Be7 12. a3 Nc6 13. Rd1 0-0 14. d5 exd5 15. cxd5 Nxd5 16. Nc3 Nxc3 17. Bxc3 Qc7 18. Qb2 f6 19. Qb3+ Kh8 20. h4 Ne5 21. Nxe5 fxe5 22. Qe6 Bxh4 23. Rd7 Bxf2+ 24. Kh1 Qc6 25. Qh3 Qe4 26. Rad1 Bh4 27. Bxe5 Qxe5 28. Qxh4 h6 29. Re7 Qb2 30. Qg3 Rcd8 31. Rd4 0-1

[Event "Cairo Egyptian op"]
[Site "Cairo"]
[Date "2016.04.23"]
[Round "2"]
[White "Mahrous, Selim"]
[Black "Sultan, Mohamed"]
[Result "0-1"]
[WhiteElo "1895"]
[BlackElo "2126"]
[PlyCount "104"]
[EventDate "2016.04.22"]
[EventType "swiss"]
[EventRounds "9"]
[EventCountry "EGY"]
[SourceTitle "CBM 172 Extra"]
[Source "ChessBase"]
[SourceDate "2016.06.21"]
[SourceVersion "1"]
[SourceVersionDate "2016.06.21"]
[SourceQuality "1"]

1. d4 d5 2. c4 c6 3. Nc3 Nf6 4. e3 Bf5 5. Nf3 e6 6. cxd5 exd5 7. Bd3 Bg4 8. h3 Bh5 9. Qb3 Qb6 10. Qxb6 axb6 11. Ne5 Bg6 12. Nxg6 hxg6 13. e4 Bb4 14. e5 Nfd7 15. Bd2 Nf8 16. a3 Ne6 17. 0-0 Be7 18. Ne2 g5 19. Be3 g6 20. f4 gxf4 21. Nxf4 Bg5 22. Rad1 Bxf4 23. Bxf4 Nxd4 24. Be3 Ne6 25. Bxb6 Nd7 26. Bf2 Nxe5 27. Bc2 Nc4 28. Rde1 Nd2 29. Bd4 0-0 30. Rf2 Nxd4 31. Rxd2 Nxc2 32. Rxc2 Rfe8 33. Rf1 Re4 34. Rcf2 f5 35. Rf3 Rae8 36. Rb3 R8e7 37. Rff3 Re1+ 38. Kf2 R7e2+ 39. Kg3 Rb1 40. Rxb7 Rbxb2 41. Rxb2 Rxb2 42. Rc3 Rb6 43. Kf4 Kf7 44. Ke5 Ke7 45. Rg3 Kf7 46. Kd6 Ra6 47. Rc3 Kf6 48. h4 g5 49. h5 g4 50. a4 f4 51. Rc1 Kg5 52. Kc7 f3 0-1

[Event "Cairo Damanhour op 1st"]
[Site "Cairo"]
[Date "2013.07.04"]
[Round "4.5"]
[White "Gamal Eldin, Zeinab"]
[Black "Sultan, Mohamed"]
[Result "0-1"]
[WhiteElo "1581"]
[BlackElo "2184"]
[PlyCount "31"]
[EventDate "2013.07.01"]
[EventType "swiss"]
[EventRounds "5"]
[EventCountry "EGY"]
[SourceTitle "EXT 2024"]
[Source "ChessBase"]
[SourceDate "2023.10.10"]
[SourceVersion "1"]
[SourceVersionDate "2023.10.10"]
[SourceQuality "1"]

1. e4 d6 2. d4 Nf6 3. Nc3 e5 4. dxe5 dxe5 5. Qxd8+ Kxd8 6. Nf3 Bd6 7. Bc4 Be6 8. Bxe6 fxe6 9. Be3 Ke7 10. Ke2 Nbd7 11. Rad1 a6 12. a3 b5 13. h3 Rhb8 14. Na2 Nxe4 15. b4 a5 16. Rd3 0-1

[Event "Cairo Damanhour op 1st"]
[Site "Cairo"]
[Date "2013.07.03"]
[Round "3.5"]
[White "Sultan, Mohamed"]
[Black "Fawzy, Adham"]
[Result "0-1"]
[WhiteElo "2184"]
[BlackElo "1934"]
[PlyCount "52"]
[EventDate "2013.07.01"]
[EventType "swiss"]
[EventRounds "5"]
[EventCountry "EGY"]
[SourceTitle "EXT 2024"]
[Source "ChessBase"]
[SourceDate "2023.10.10"]
[SourceVersion "1"]
[SourceVersionDate "2023.10.10"]
[SourceQuality "1"]

1. e4 c5 2. Nf3 Nc6 3. d3 g6 4. g3 Bg7 5. Bg2 e5 6. 0-0 Nge7 7. c3 0-0 8. Be3 d6 9. a3 a5 10. a4 b6 11. Na3 Ba6 12. Nb5 d5 13. Bg5 Qd7 14. Qb3 d4 15. cxd4 cxd4 16. Nd2 Nb4 17. Nc4 Rab8 18. f4 Bxb5 19. axb5 h6 20. Bh4 Nc8 21. Na3 Na7 22. Rf3 Rb7 23. Qa4 Qg4 24. h3 Qh5 25. Qb3 exf4 26. Rxf4 g5 0-1